<?xml version="1.0" encoding="UTF-8"?>
<record
    xmlns:xsi="http://www.w3.org/2001/XMLSchema-instance"
    xsi:schemaLocation="http://www.loc.gov/MARC21/slim http://www.loc.gov/standards/marcxml/schema/MARC21slim.xsd"
    xmlns="http://www.loc.gov/MARC21/slim">

  <leader>01557nam2a22002651  4500</leader>
  <controlfield tag="001">RU\NLR\INFOCOMM18\1000225089</controlfield>
  <controlfield tag="005">20250617014733.0</controlfield>
  <datafield tag="035" ind1=" " ind2=" ">
    <subfield code="a">(NLR Aleph) 002354536</subfield>
  </datafield>
  <datafield tag="090" ind1=" " ind2=" ">
    <subfield code="a">4522975</subfield>
    <subfield code="c">4522975</subfield>
  </datafield>
  <datafield tag="100" ind1=" " ind2=" ">
    <subfield code="a">20041115d1985    |||y0rusy50      ca</subfield>
  </datafield>
  <datafield tag="101" ind1="0" ind2=" ">
    <subfield code="a">rus</subfield>
  </datafield>
  <datafield tag="102" ind1=" " ind2=" ">
    <subfield code="a">RU</subfield>
  </datafield>
  <datafield tag="105" ind1=" " ind2=" ">
    <subfield code="a">y   |||||||||</subfield>
  </datafield>
  <datafield tag="200" ind1="1" ind2=" ">
    <subfield code="a">&#x421;&#x43E;&#x441;&#x442;&#x43E;&#x44F;&#x43D;&#x438;&#x435; &#x438; &#x43F;&#x435;&#x440;&#x441;&#x43F;&#x435;&#x43A;&#x442;&#x438;&#x432;&#x44B; &#x440;&#x430;&#x437;&#x432;&#x438;&#x442;&#x438;&#x44F; &#x442;&#x435;&#x445;&#x43D;&#x43E;&#x43B;&#x43E;&#x433;&#x438;&#x438; &#x444;&#x442;&#x43E;&#x440;&#x438;&#x441;&#x442;&#x43E;&#x432;&#x43E;&#x434;&#x43E;&#x440;&#x43E;&#x434;&#x43D;&#x43E;&#x433;&#x43E; &#x430;&#x43B;&#x43A;&#x438;&#x43B;&#x438;&#x440;&#x43E;&#x432;&#x430;&#x43D;&#x438;&#x44F; &#x443;&#x433;&#x43B;&#x435;&#x432;&#x43E;&#x434;&#x43E;&#x440;&#x43E;&#x434;&#x43E;&#x432;</subfield>
    <subfield code="f">&#x420;. &#x41C;&#x438;&#x442;&#x445;&#x435;&#x43D;, &#x424;.-&#x414;. &#x426;&#x430;&#x439;&#x437;&#x435;&#x43B;&#x435;&#x440;</subfield>
  </datafield>
  <datafield tag="210" ind1=" " ind2=" ">
    <subfield code="d">1985</subfield>
    <subfield code="a">&#x411;. &#x43C;.</subfield>
  </datafield>
  <datafield tag="461" ind1=" " ind2="0">
    <subfield code="1">001RU\NLR\INFOCOMM18\1000224914</subfield>
    <subfield code="1">2001#$a&#x421;&#x43E;&#x432;&#x440;&#x435;&#x43C;&#x435;&#x43D;&#x43D;&#x44B;&#x435; &#x43F;&#x440;&#x43E;&#x431;&#x43B;&#x435;&#x43C;&#x44B; &#x445;&#x438;&#x43C;&#x438;&#x438; &#x438; &#x445;&#x438;&#x43C;&#x438;&#x447;&#x435;&#x441;&#x43A;&#x43E;&#x439; &#x43F;&#x440;&#x43E;&#x43C;&#x44B;&#x448;&#x43B;&#x435;&#x43D;&#x43D;&#x43E;&#x441;&#x442;&#x438;$f&#x41C;&#x435;&#x436;&#x434;&#x443;&#x43D;&#x430;&#x440;. &#x441;&#x438;&#x441;&#x442;&#x435;&#x43C;&#x430; &#x43D;&#x430;&#x443;&#x447;.-&#x442;&#x435;&#x445;&#x43D;. &#x438;&#x43D;&#x444;&#x43E;&#x440;&#x43C;&#x430;&#x446;&#x438;&#x438; &#x43F;&#x43E; &#x445;&#x438;&#x43C;&#x438;&#x438; &#x438; &#x445;&#x438;&#x43C;. &#x43F;&#x440;&#x43E;&#x43C;-&#x441;&#x442;&#x438;. &#x41F;&#x43E;&#x441;&#x442;&#x43E;&#x44F;&#x43D;&#x43D;&#x430;&#x44F; &#x43A;&#x43E;&#x43C;&#x438;&#x441;. &#x421;&#x42D;&#x412; &#x43F;&#x43E; &#x445;&#x438;&#x43C;. &#x43F;&#x440;&#x43E;&#x43C;-&#x441;&#x442;&#x438;$v1985, &#x412;&#x44B;&#x43F;.5(176)</subfield>
    <subfield code="9">4522469</subfield>
    <subfield code="c">&#x41C;.</subfield>
    <subfield code="d">1974-1988</subfield>
    <subfield code="f">&#x41C;&#x435;&#x436;&#x434;&#x443;&#x43D;&#x430;&#x440;. &#x441;&#x438;&#x441;&#x442;&#x435;&#x43C;&#x430; &#x43D;&#x430;&#x443;&#x447;.-&#x442;&#x435;&#x445;&#x43D;. &#x438;&#x43D;&#x444;&#x43E;&#x440;&#x43C;&#x430;&#x446;&#x438;&#x438; &#x43F;&#x43E; &#x445;&#x438;&#x43C;&#x438;&#x438; &#x438; &#x445;&#x438;&#x43C;. &#x43F;&#x440;&#x43E;&#x43C;-&#x441;&#x442;&#x438;. &#x41F;&#x43E;&#x441;&#x442;&#x43E;&#x44F;&#x43D;&#x43D;&#x430;&#x44F; &#x43A;&#x43E;&#x43C;&#x438;&#x441;. &#x421;&#x42D;&#x412; &#x43F;&#x43E; &#x445;&#x438;&#x43C;. &#x43F;&#x440;&#x43E;&#x43C;-&#x441;&#x442;&#x438;</subfield>
    <subfield code="n">&#x41D;&#x418;&#x418;&#x422;&#x42D;&#x425;&#x418;&#x41C;</subfield>
    <subfield code="t">&#x421;&#x43E;&#x432;&#x440;&#x435;&#x43C;&#x435;&#x43D;&#x43D;&#x44B;&#x435; &#x43F;&#x440;&#x43E;&#x431;&#x43B;&#x435;&#x43C;&#x44B; &#x445;&#x438;&#x43C;&#x438;&#x438; &#x438; &#x445;&#x438;&#x43C;&#x438;&#x447;&#x435;&#x441;&#x43A;&#x43E;&#x439; &#x43F;&#x440;&#x43E;&#x43C;&#x44B;&#x448;&#x43B;&#x435;&#x43D;&#x43D;&#x43E;&#x441;&#x442;&#x438;</subfield>
    <subfield code="v">1985, &#x412;&#x44B;&#x43F;.5(176)</subfield>
  </datafield>
  <datafield tag="700" ind1=" " ind2="1">
    <subfield code="a">&#x41C;&#x438;&#x442;&#x445;&#x435;&#x43D;</subfield>
    <subfield code="b">&#x420;.</subfield>
    <subfield code="4">070</subfield>
  </datafield>
  <datafield tag="701" ind1=" " ind2="1">
    <subfield code="a">&#x426;&#x430;&#x439;&#x437;&#x435;&#x43B;&#x435;&#x440;</subfield>
    <subfield code="b">&#x424;.-&#x414;.</subfield>
    <subfield code="4">070</subfield>
  </datafield>
  <datafield tag="801" ind1=" " ind2="1">
    <subfield code="a">RU</subfield>
    <subfield code="b">InfoComm</subfield>
    <subfield code="c">20041115</subfield>
  </datafield>
  <datafield tag="801" ind1=" " ind2="0">
    <subfield code="a">RU</subfield>
    <subfield code="b">NLR</subfield>
    <subfield code="g">PSBO</subfield>
  </datafield>
  <datafield tag="852" ind1=" " ind2=" ">
    <subfield code="a">NLR</subfield>
    <subfield code="j">&#x41F;10/5013</subfield>
  </datafield>
  <datafield tag="942" ind1=" " ind2=" ">
    <subfield code="c">ISSUE</subfield>
  </datafield>
  <datafield tag="980" ind1=" " ind2=" ">
    <subfield code="a">NB</subfield>
  </datafield>
  <datafield tag="980" ind1=" " ind2=" ">
    <subfield code="a">RUSPER</subfield>
  </datafield>
</record>
